00761 2200277 4500001002100000005001500021035002000036007000300056008004100059040002200100082001200122084001400134090001700148100002500165245003600190300002200226500002800248650001200276850001200288264006900300336002100369337003000390338002300420990002000443990002000463INLIS00000000086369420210816084408 a0010-0821000393ta210816s2019 jbi gf ind d aYOPDYOGbinderda04223a796 a796 GIR a aBR 796 GIR a0 aGiri Wiartoepenulis10aAtletik /cpenulis, Giri Wiarto a...jilid ;c30 cm aYang diterima jilid 1,2 4aAtletik aYOPDYOG31aCimahi :bBalai Literasi Braille Indonesia (BLBI) Abiyoso,c2019 2rdacontentateks 2rdamediaatanpa perantara 2rdacarrieravolume a67589-PD/A.2021 a67590-PD/A.2021